LEADER 01693nam a2200289 4500 001 000000352108 003 CaOOAMICUS 005 20221104093056.0 008 221104s16uu it 000 u ita r 026 $eo-oa e.i, c-he sidi (3) 1600 (Q) 040 $aSeMil$bita 110 21$aCollegio delle Vergini di San Filippo Neri .$0(OLS)http://semarc/name/116737 245 10$aLaus Deo. Regole del v. Collegio delle vergini di s. Filippo Neri sotto la protettione della presentatione di Maria Vergine ordinate dalla felice memoria dell'emin.mo signor cardinal Federico Borromeo. Confirmate dall'emin.mo signor cardinal Cesare Monti arcivescovo. 264 1$a[Milano :$bs.n.,$c16-?] 300 $a[2], 134, [2] p. ;$c4° 500 $aIniz. xilogr. 500 $aLe carte ?¹ e R4 bianche 500 $aSegn.: ?² A-R? 500 $aPubblicato probabilmente tra il 1634 e 1650, anni in cui Cesare Monti fu arcivescovo di Milano 650 4$aCongregazioni e confraternite religiose - Milano - Sec. 16.-18.$0(OLS)http://semarc/subject/49109 700 1 $aMonti, Cesare,$c.$0(OLS)http://semarc/name/20020 850 $aSeMil 852 $aSeMil$W1$xVenegono$y1$m3Z III 12 FA$j235131$B243290$CSeMilBibl$Z2$F243290 $8I 941 1 $a10 996 $6245$aLaus Deo. Regole del v. Collegio delle vergini di s. Filippo Neri sotto la protettione della presentatione di Maria Vergine ordinate dalla felice memoria dell'emin.mo signor cardinal Federico Borromeo. Confirmate dall'emin.mo signor cardinal Cesare Monti arcivescovo$9(OLS)http://semarc/title/441892 996 $6264$a[Milano :$bs.n.$9(OLS)http://semarc/publisher/36374 LEADER 01271nam a2200301 i 4500 001 000000332013 003 CaOOAMICUS 005 20190111141419.0 008 190111s2018 it u000 u mul u 013 $a233187 020 $a978-88-452-8054-2 040 $aSeMil$bita 041 1 $aita$ager 100 1 $aHeidegger, Martin,$d<1889-1976>.$0(OLS)http://semarc/name/3775 240 10$aEinführung in die phänomenologische Forschung.$0(OLS)http://semarc/title/420713 245 10$aIntroduzione all'indagine fenomenologica /$cMartin Heidegger ; a cura di Matteo Pietropaoli. 260 $aMilano :$bBompiani,$c2018. 300 $a686 p. ;$c22 cm 490 0 $aIl pensiero occidentale 500 $aTesto tedesco a fronte 700 1 $aPietropaoli, Matteo,$d<1985- >,$ecuratore.$0(OLS)http://semarc/name/94278 830 0$aBompiani Il pensiero occidentale.$0(OLS)http://semarc/title/10111 850 $aSeMil 852 $aSeMil$W1$xVenegono$y1$m2OA IV 432$j209975$B223919$CSeMilBibl$Z2$F223919 $81 996 $6020$a978-88-452-8054-2$9(OLS)http://semarc/number/286174 996 $6245$aIntroduzione all'indagine fenomenologica$9(OLS)http://semarc/title/420714 996 $6260$aMilano :$bBompiani$9(OLS)http://semarc/publisher/29706